000 00621nam a22002297a 4500
003 UA-OsUOA
001 73076
007 ta
008 20110210b un ||||| |||| 00| 0 ukr d
100 _aВишневський В.
700 _aВієцька О.
090 _a330(477)
_bВ55
942 _cSA
040 _aUA-OsUOA
_bukr
_cUA-OsUOA
_dUA-OsUOA
245 _aШляхи вдосконалення системи податкової амортизації
300 _aС.49-60
955 _a0
041 _aukr
080 _a330(477)
773 0 _w73073
650 7 _a330 Економіка взагалі
_2UDC
999 _c359360
_d359360